[Event "zonal 1.2b"]
[Site "Zagreb CRO"]
[Date "1993.??.??"]
[Round "7"]
[White "Smirin, Ilia"]
[Black "Cvitan, Ognjen"]
[Result "1/2-1/2"]
[WhiteElo "2590"]
[BlackElo "2575"]
[EventDate "1993.03.??"]
[PlyCount "62"]

1.e4 c5 2.Nf3 e6 3.Nc3 d6 4.d4 cxd4 5.Nxd4 a6 6.f4 Nf6 7.Be2 Be7 8.O-O O-O
9.Kh1 Qc7 10.a4 Nc6 11.Be3 Re8 12.Bd3 Nb4 13.a5 Bd7 14.Qe1 Rac8 15.Qg3 Nh5
16.Qf3 Nf6 17.g4 Bc6 18.g5 Nd7 19.f5 Ne5 20.Qh3 exf5 21.Nxf5 d5 22.Bd4 Bf8
23.exd5 Nexd3 24.cxd3 Nxd5 25.Ne4 Nf4 26.Qf3 Nxd3 27.Nh6+ Kh8 28.Nxf7+ Kg8
29.Nh6+ Kh8 30.Nf7+ Kg8 31.Nh6+ Kh8 1/2-1/2

[Event "zonal 1.2b"]
[Site "Zagreb CRO"]
[Date "1993.??.??"]
[Round "8"]
[White "Alterman, Boris"]
[Black "Gofshtein, Leonid"]
[Result "1/2-1/2"]
[WhiteElo "2600"]
[BlackElo "2560"]
[EventDate "1993.03.??"]
[PlyCount "138"]

1.d4 d6 2.c4 e5 3.Nf3 Nd7 4.Nc3 Ngf6 5.Bg5 h6 6.Bh4 c6 7.e3 Be7 8.Qc2 Nh5 
9.Bxe7 Qxe7 10.O-O-O Nhf6 11.g4 e4 12.Nd2 d5 13.Be2 Nb6 14.c5 Nbd7 15.h4 
Nf8 16.Rdg1 Be6 17.Qa4 N8d7 18.g5 Ng8 19.f4 exf3 20.Nxf3 Bf5 21.Kd2 Kf8 
22.Nd1 f6 23.gxh6 Nxh6 24.h5 Kg8 25.Nh4 Nf8 26.Qb3 Be4 27.Bf3 Bxf3 28.Nxf3
Nf5 29.Qd3 Qe6 30.Nf2 b6 31.Ng4 Nd7 32.h6 bxc5 33.hxg7 Rxh1 34.Rxh1 Kxg7 
35.Rg1 Kf8 36.Ng5 fxg5 37.Rf1 Kg7 38.Rxf5 Qg6 39.dxc5 Re8 40.Qd4+ Kg8 41.
Nf6+ Kf7 42.Nxe8+ Kxe8 43.Rf1 Ke7 44.e4 dxe4 45.Ke3 Qe6 46.Qxe4 Nxc5 47.
Qxe6+ Kxe6 48.Rf8 Na4 49.b3 Nc3 50.a4 Nd5+ 51.Kd4 g4 52.Ra8 g3 53.Rg8 c5+ 
54.Kxc5 Nf6 55.Rg7 Kf5 56.Kd4 Ng4 57.Rf7+ Kg5 58.Rf1 Nh2 59.Rh1 Kf4 60.Kc5
g2 61.Rg1 Kg3 62.a5 Nf3 63.Rxg2+ Kxg2 64.a6 Kf2 65.b4 Ke3 66.b5 Ne5 67.Kd6
Kd4 68.Kc7 Nc4 69.Kb7 Kc5 1/2-1/2

[Event "zonal 1.2b"]
[Site "Zagreb CRO"]
[Date "1993.??.??"]
[Round "8"]
[White "Cvitan, Ognjen"]
[Black "Dizdarevic, Emir"]
[Result "1/2-1/2"]
[WhiteElo "2575"]
[BlackElo "2540"]
[EventDate "1993.03.??"]
[PlyCount "23"]

1.Nf3 c5 2.e4 Nc6 3.d4 cxd4 4.Nxd4 e5 5.Nb5 d6 6.c4 Be7 7.N1c3 a6 8.Na3 h6
9.Bd3 Bg5 10.O-O Nge7 11.Nc2 Be6 12.Ne3 1/2-1/2

[Event "zonal 1.2b"]
[Site "Zagreb CRO"]
[Date "1993.??.??"]
[Round "8"]
[White "Dizdar, Goran"]
[Black "Hulak, Krunoslav"]
[Result "1-0"]
[WhiteElo "2490"]
[BlackElo "2540"]
[EventDate "1993.03.??"]
[PlyCount "79"]

1.Nf3 Nf6 2.g3 g6 3.b3 Bg7 4.Bb2 d6 5.d4 O-O 6.Bg2 Nbd7 7.O-O Ne4 8.Nfd2 
Nxd2 9.Qxd2 Re8 10.Nc3 c6 11.e4 e5 12.d5 Nb6 13.dxc6 bxc6 14.Rad1 Bf8 15.
Ba3 Ba6 16.Rfe1 Qd7 17.Nb1 Rad8 18.c4 Bb7 19.Qa5 Qc7 20.Nc3 Na8 21.Bb4 Qb8
22.c5 dxc5 23.Bxc5 Bxc5 24.Qxc5 Nb6 25.Bh3 Bc8 26.Bxc8 Rxc8 27.Rd6 Qc7 28.
Red1 Qe7 29.Kg2 Rc7 30.Qa5 h5 31.h4 Kg7 32.Na4 Rb8 33.Nc5 Nd5 34.R6xd5 
cxd5 35.Na6 Rc2 36.Nxb8 dxe4 37.Nd7 e3 38.Qxe5+ Qxe5 39.Nxe5 Rxf2+ 40.Kg1 
1-0

[Event "zonal 1.2b"]
[Site "Zagreb CRO"]
[Date "1993.??.??"]
[Round "8"]
[White "Har-Zvi, Ronen"]
[Black "Kozul, Zdenko"]
[Result "0-1"]
[WhiteElo "2485"]
[BlackElo "2550"]
[EventDate "1993.03.??"]
[PlyCount "110"]

1.c4 Nf6 2.Nc3 g6 3.Nf3 Bg7 4.e4 d6 5.d4 O-O 6.Be2 e5 7.dxe5 dxe5 8.Qxd8 
Rxd8 9.Bg5 c6 10.Nxe5 Re8 11.O-O-O Na6 12.Rd6 Nh5 13.Nd3 Bf8 14.Rd4 Ng7 
15.Rd8 Rxd8 16.Bxd8 Be6 17.Bf6 Bxc4 18.b3 Bxd3 19.Bxd3 Nc5 20.Be2 Nge6 21.
Rd1 a5 22.Bc4 Bg7 23.Bxg7 Kxg7 24.Bxe6 Nxe6 25.Kc2 Kf8 26.Na4 b5 27.Nb6 
Rd8 28.Rxd8+ Nxd8 29.a4 Ke7 30.b4 Nb7 31.bxa5 Nxa5 32.Kc3 bxa4 33.Nxa4 Kd6
34.Kd4 Nb7 35.e5+ Ke6 36.f4 Kf5 37.g3 Kg4 38.Nc5 Nd8 39.Ne4 Ne6+ 40.Kc4 h5
41.Nd6 Kh3 42.Nxf7 Kxh2 43.Ng5 Ng7 44.Ne4 Kg2 45.Kd4 Kf3 46.Kd3 c5 47.Nxc5
Kxg3 48.e6 h4 49.e7 h3 50.Ke2 h2 51.Ne4+ Kxf4 52.Nf2 Kg3 53.Kf1 Kf3 54.Ke1
g5 55.Kf1 g4 0-1

[Event "zonal 1.2b"]
[Site "Zagreb CRO"]
[Date "1993.??.??"]
[Round "8"]
[White "Nikolic, Nebojsa"]
[Black "Kurajica, Bojan"]
[Result "1/2-1/2"]
[WhiteElo "2340"]
[BlackElo "2535"]
[EventDate "1993.03.??"]
[PlyCount "41"]

1.d4 Nf6 2.c4 e6 3.g3 d5 4.Bg2 g6 5.Bg5 Bg7 6.Nc3 c6 7.e4 dxe4 8.Nxe4 Qa5+
9.Bd2 Qd8 10.Nxf6+ Bxf6 11.Bc3 c5 12.Ne2 cxd4 13.Nxd4 O-O 14.O-O a6 15.Rc1
Ra7 16.Nb3 Bxc3 17.Rxc3 b6 18.c5 bxc5 19.Nxc5 Nd7 20.Qd6 Nxc5 21.Qxc5 
1/2-1/2

[Event "zonal 1.2b"]
[Site "Zagreb CRO"]
[Date "1993.??.??"]
[Round "9"]
[White "Gofshtein, Leonid"]
[Black "Rogic, Davor"]
[Result "1/2-1/2"]
[WhiteElo "2560"]
[BlackElo "2280"]
[EventDate "1993.03.??"]
[PlyCount "123"]

1.d4 d5 2.c4 Nf6 3.Nc3 c6 4.Nf3 dxc4 5.a4 Bf5 6.Nh4 Bc8 7.e3 e5 8.Bxc4 
exd4 9.exd4 Bd6 10.O-O O-O 11.h3 Bc7 12.Bg5 h6 13.Bxf6 Qxf6 14.Nf3 Nd7 15.
Bb3 Rd8 16.Qe2 Nf8 17.Ne4 Qf4 18.Nc5 Ng6 19.Nd3 Qd6 20.Qe4 Nf8 21.Nde5 Be6
22.Bxe6 Qxe6 23.Qc2 Bb6 24.Rfe1 Qd5 25.a5 Bxa5 26.Nxc6 bxc6 27.Re5 Qd6 28.
Rexa5 Ne6 29.R1a4 Qc7 30.Qc4 Rd6 31.Qa2 a6 32.g3 c5 33.d5 Qb7 34.Ra3 Rxd5 
35.Qb3 Qc6 36.Kh2 Rf5 37.Qe3 Qb7 38.h4 Qxb2 39.Rxa6 Rxa6 40.Rxa6 Qb7 41.
Ra3 c4 42.Qe2 Qd5 43.Rc3 g5 44.hxg5 hxg5 45.Kg1 Kf8 46.Qd2 Nc7 47.Qe2 Ne6 
48.Qd2 Nc7 49.Qe2 Nb5 50.Re3 c3 51.Rd3 Qc6 52.Ne1 Rd5 53.Qe4 Rd6 54.Qxc6 
Rxc6 55.Nc2 Rd6 56.Rxd6 Nxd6 57.Kf1 Ne4 58.Ke2 Nc5 59.Ke3 Ke7 60.Kd4 Kd6 
61.f3 Na4 62.Kc4 1/2-1/2

[Event "zonal 1.2b"]
[Site "Zagreb CRO"]
[Date "1993.??.??"]
[Round "9"]
[White "Hulak, Krunoslav"]
[Black "Cvitan, Ognjen"]
[Result "1/2-1/2"]
[WhiteElo "2540"]
[BlackElo "2575"]
[EventDate "1993.03.??"]
[PlyCount "30"]

1.d4 d5 2.c4 e6 3.Nc3 Nf6 4.Bg5 Be7 5.cxd5 exd5 6.e3 c6 7.Qc2 O-O 8.Bd3 
Nbd7 9.Nf3 Re8 10.O-O Nf8 11.a3 a5 12.Rae1 Ne4 13.Bxe7 Qxe7 14.Bxe4 dxe4 
15.Nd2 f5 1/2-1/2

[Event "zonal 1.2b"]
[Site "Zagreb CRO"]
[Date "1993.??.??"]
[Round "9"]
[White "Kozul, Zdenko"]
[Black "Nikolic, Nebojsa"]
[Result "1-0"]
[WhiteElo "2550"]
[BlackElo "2340"]
[EventDate "1993.03.??"]
[PlyCount "85"]

1.d4 d5 2.c4 dxc4 3.Nf3 a6 4.e3 Nf6 5.Bxc4 e6 6.a3 c5 7.O-O b5 8.Ba2 Bb7 
9.Qe2 Nbd7 10.Rd1 Qc7 11.Nc3 Be7 12.e4 b4 13.axb4 cxb4 14.e5 bxc3 15.exf6 
Nxf6 16.bxc3 Ne4 17.Bb2 O-O 18.c4 Qf4 19.Rd3 Bd6 20.Bc1 Qg4 21.h3 Qg6 22.
Rb1 Nxf2 23.Kxf2 Be4 24.Rbb3 Bxd3 25.Rxd3 Rab8 26.Rc3 Qg3+ 27.Kg1 a5 28.c5
Bc7 29.Qc2 Rb4 30.Re3 Bf4 31.Re4 Bxc1 32.Qxc1 Rfb8 33.Rg4 Qc7 34.Ne5 g6 
35.Rf4 Rxd4 36.Rxd4 Qxe5 37.Qc3 Qc7 38.c6 h5 39.Rd7 Qb6+ 40.Kh2 Rc8 41.
Bxe6 Rxc6 42.Bxf7+ Kh7 43.Bd5+ 1-0

[Event "zonal 1.2b"]
[Site "Zagreb CRO"]
[Date "1993.??.??"]
[Round "9"]
[White "Kurajica, Bojan"]
[Black "Dizdar, Goran"]
[Result "1-0"]
[WhiteElo "2535"]
[BlackElo "2490"]
[EventDate "1993.03.??"]
[PlyCount "78"]

1.d4 d5 2.c4 e6 3.Nf3 Nf6 4.e3 b6 5.Nc3 Bb7 6.cxd5 exd5 7.Bb5+ c6 8.Bd3 
Be7 9.O-O O-O 10.e4 dxe4 11.Nxe4 Nbd7 12.Re1 Re8 13.Neg5 h6 14.Ne4 Nxe4 
15.Bxe4 Bb4 16.Re3 Bd6 17.Bc2 Qc7 18.Bd2 Nf6 19.Rc1 Ng4 20.Rxe8+ Rxe8 21.
g3 c5 22.Ba4 Bc6 23.Nh4 Bxa4 24.Qxa4 Re2 25.Qd1 Rxf2 26.Bxh6 Qd7 27.dxc5 
Rf6 28.cxd6 Rxd6 29.Qc2 Nxh6 30.Nf3 Ng4 31.Ng5 g6 32.Qc8+ Kg7 33.Qc3+ f6 
34.Rc2 Ne5 35.Ne4 Rd1+ 36.Kg2 Rd3 37.Qc7 Qxc7 38.Rxc7+ Rd7 39.Rxd7+ Nxd7 
1-0

[Event "zonal 1.2b"]
[Site "Zagreb CRO"]
[Date "1993.??.??"]
[Round "9"]
[White "Psakhis, Lev"]
[Black "Har-Zvi, Ronen"]
[Result "1-0"]
[WhiteElo "2575"]
[BlackElo "2485"]
[EventDate "1993.03.??"]
[PlyCount "65"]

1.d4 Nf6 2.c4 g6 3.Nc3 Bg7 4.e4 d6 5.f3 O-O 6.Nge2 c6 7.Bg5 a6 8.Qd2 b5 9.
h4 Nbd7 10.g4 b4 11.Nd1 c5 12.h5 cxd4 13.Nxd4 Qb6 14.Be3 Ne5 15.Be2 Bxg4 
16.fxg4 Nxe4 17.Qc2 Qb7 18.Nf2 Ng3 19.Rg1 Nxe2 20.Qxe2 d5 21.c5 Nc4 22.b3 
e5 23.Nf5 Nxe3 24.Qxe3 d4 25.Qg3 e4 26.Nxg7 Kxg7 27.Qe5+ f6 28.h6+ Kh8 29.
Qxd4 e3 30.Ne4 Rad8 31.Nd6 Qf3 32.Qb2 Qh3 33.O-O-O 1-0

[Event "zonal 1.2b"]
[Site "Zagreb CRO"]
[Date "1993.??.??"]
[Round "9"]
[White "Smirin, Ilia"]
[Black "Alterman, Boris"]
[Result "1/2-1/2"]
[WhiteElo "2590"]
[BlackElo "2600"]
[EventDate "1993.03.??"]
[PlyCount "25"]

1.e4 e5 2.Nf3 Nf6 3.Nxe5 d6 4.Nf3 Nxe4 5.d3 Nf6 6.d4 Be7 7.Bd3 O-O 8.O-O 
Bg4 9.Re1 Re8 10.Bg5 Nbd7 11.Nbd2 Bh5 12.c3 c6 13.Qc2 1/2-1/2

[Event "zonal 1.2b"]
[Site "Zagreb CRO"]
[Date "1993.??.??"]
[Round "10"]
[White "Alterman, Boris"]
[Black "Dizdarevic, Emir"]
[Result "1-0"]
[WhiteElo "2600"]
[BlackElo "2540"]
[EventDate "1993.03.??"]
[PlyCount "65"]

1.d4 Nf6 2.c4 e6 3.Nf3 Bb4+ 4.Bd2 Qe7 5.g3 O-O 6.Bg2 Bxd2+ 7.Qxd2 d6 8.Nc3
e5 9.O-O Re8 10.e4 Bg4 11.d5 c6 12.Rfd1 cxd5 13.Nxd5 Nxd5 14.Qxd5 Rd8 15.
Nxe5 Bxd1 16.Rxd1 Na6 17.Nd3 Nc5 18.Nf4 Ne6 19.Ne2 Nc7 20.Qd3 Rab8 21.Nd4 
g6 22.h4 a6 23.b3 Qe5 24.a4 Ne6 25.Nxe6 Qxe6 26.Qe3 b5 27.cxb5 axb5 28.a5 
Qe5 29.b4 Rdc8 30.Rd5 Qb2 31.Rxd6 Qxb4 32.e5 Qc3 33.Rd8+ 1-0

[Event "zonal 1.2b"]
[Site "Zagreb CRO"]
[Date "1993.??.??"]
[Round "10"]
[White "Cvitan, Ognjen"]
[Black "Kurajica, Bojan"]
[Result "1-0"]
[WhiteElo "2575"]
[BlackElo "2535"]
[EventDate "1993.03.??"]
[PlyCount "93"]

1.Nf3 d5 2.c4 d4 3.g3 g6 4.d3 Bg7 5.Bg2 e5 6.O-O Ne7 7.b4 O-O 8.Nbd2 h6 9.
a4 g5 10.Nb3 Ng6 11.b5 Nd7 12.Nfd2 f5 13.Ba3 Re8 14.Na5 Rb8 15.c5 Ndf8 16.
Rb1 Kh7 17.Qc2 g4 18.Ndc4 Ne6 19.b6 axb6 20.cxb6 c5 21.Rb5 Bf8 22.Nb3 Bd7 
23.Ra5 Qc8 24.f3 gxf3 25.exf3 Ra8 26.Rxa8 Qxa8 27.a5 Ba4 28.Qa2 Bc6 29.f4 
Bxg2 30.Qxg2 exf4 31.Qd5 fxg3 32.Qxf5 gxh2+ 33.Kh1 Ng7 34.Qh3 Qd8 35.Nbd2 
Qd5+ 36.Qf3 Qxf3+ 37.Rxf3 Re2 38.a6 bxa6 39.b7 Re8 40.Ne4 Rb8 41.Nf6+ Kh8 
42.Rg3 Nh4 43.Ne5 Rxb7 44.Rg6 Rb1+ 45.Kxh2 Nf3+ 46.Nxf3 Bd6+ 47.Kg2 1-0

[Event "zonal 1.2b"]
[Site "Zagreb CRO"]
[Date "1993.??.??"]
[Round "10"]
[White "Dizdar, Goran"]
[Black "Kozul, Zdenko"]
[Result "1-0"]
[WhiteElo "2490"]
[BlackElo "2550"]
[EventDate "1993.03.??"]
[PlyCount "89"]

1.Nf3 Nf6 2.g3 g6 3.b3 Bg7 4.Bb2 d6 5.d4 c5 6.Bg2 Ne4 7.O-O Nc6 8.e3 O-O 
9.c4 Bg4 10.Qc1 Bxf3 11.Bxf3 Ng5 12.Bxc6 bxc6 13.dxc5 Bxb2 14.Qxb2 d5 15.
Rd1 Qc8 16.Nd2 Rd8 17.h4 Ne6 18.cxd5 Rxd5 19.Ne4 Qb7 20.Rac1 Rad8 21.Rxd5 
Rxd5 22.b4 h6 23.Qb3 g5 24.hxg5 hxg5 25.Kg2 Qd7 26.b5 f5 27.b6 Qb7 28.bxa7
Qxa7 29.Nc3 Re5 30.Ne2 Rd5 31.Nc3 Re5 32.Ne2 Rd5 33.Nd4 Nxd4 34.exd4 Kg7 
35.Qe3 f4 36.gxf4 Qd7 37.Re1 Kf7 38.fxg5 Qg4+ 39.Kf1 e6 40.Qe4 Qh3+ 41.Ke2
Rf5 42.g6+ Ke7 43.Rh1 Qc3 44.Rh7+ Kd8 45.Qh4+ 1-0

[Event "zonal 1.2b"]
[Site "Zagreb CRO"]
[Date "1993.??.??"]
[Round "10"]
[White "Kovacevic, Vladimir"]
[Black "Hulak, Krunoslav"]
[Result "1/2-1/2"]
[WhiteElo "2485"]
[BlackElo "2540"]
[EventDate "1993.03.??"]
[PlyCount "146"]

1.d4 e6 2.Nf3 c5 3.e3 d5 4.Bd3 Nc6 5.O-O Nf6 6.Nc3 Be7 7.dxc5 Bxc5 8.e4 
dxe4 9.Nxe4 Be7 10.Qe2 O-O 11.Re1 Qc7 12.Bg5 Nd5 13.Bxe7 Qxe7 14.g3 Bd7 
15.Rad1 Rad8 16.c4 Nf6 17.a3 g6 18.b4 b6 19.Qb2 Nxe4 20.Bxe4 Be8 21.Rxd8 
Nxd8 22.Ne5 f6 23.Nd3 Bc6 24.c5 Bxe4 25.Rxe4 e5 26.Qb3+ Qe6 27.Qc4 Qxc4 
28.Rxc4 b5 29.Rc1 Nc6 30.Rd1 Rd8 31.Nb2 Nd4 32.Kf1 Kf7 33.a4 Rb8 34.axb5 
Rxb5 35.Ra1 Rxb4 36.Rxa7+ Ke6 37.Na4 h5 38.Nc3 Rc4 39.Ra6+ Kf5 40.Nd5 Rc1+
41.Kg2 e4 42.Ne7+ Kg5 43.h4+ Kh6 44.Ng8+ Kg7 45.Nxf6 e3 46.fxe3 Rc2+ 47.
Kh3 Nf3 48.g4 hxg4+ 49.Nxg4 Rxc5 50.Ra7+ Kf8 51.Kg3 Ne5 52.Nf6 Rb5 53.e4 
Nf7 54.Kg4 Rb1 55.Nh7+ Kg8 56.Ng5 Rg1+ 57.Kf4 Rf1+ 58.Ke3 Nxg5 59.hxg5 Rg1
60.Kf4 Rg2 61.Rd7 Rg1 62.Rd5 Kf7 63.Rd7+ Kg8 64.Ke5 Rxg5+ 65.Kf6 Rg1 66.
Rd8+ Kh7 67.e5 Rf1+ 68.Ke7 Kg7 69.e6 Ra1 70.Rd7 Ra8 71.Rb7 g5 72.Kd6+ Kf8 
73.Ke5 Ra1 1/2-1/2

[Event "zonal 1.2b"]
[Site "Zagreb CRO"]
[Date "1993.??.??"]
[Round "10"]
[White "Nikolic, Nebojsa"]
[Black "Psakhis, Lev"]
[Result "1/2-1/2"]
[WhiteElo "2340"]
[BlackElo "2575"]
[EventDate "1993.03.??"]
[PlyCount "36"]

1.d4 Nf6 2.Nf3 e6 3.g3 b6 4.Bg2 Bb7 5.O-O Be7 6.c4 O-O 7.Nc3 d5 8.Ne5 Na6 
9.Qa4 Qe8 10.Qxe8 Rfxe8 11.Bg5 Red8 12.cxd5 exd5 13.Ng4 Nxg4 14.Bxe7 Rd7 
15.Ba3 Re8 16.Rac1 f5 17.e3 Nf6 18.Rc2 c6 1/2-1/2

[Event "zonal 1.2b"]
[Site "Zagreb CRO"]
[Date "1993.??.??"]
[Round "10"]
[White "Rogic, Davor"]
[Black "Har-Zvi, Ronen"]
[Result "1/2-1/2"]
[WhiteElo "2280"]
[BlackElo "2485"]
[EventDate "1993.03.??"]
[PlyCount "25"]

1.e4 c5 2.Nf3 d6 3.d4 cxd4 4.Nxd4 Nf6 5.Nc3 a6 6.Bg5 e6 7.f4 Qc7 8.Qf3 b5 
9.O-O-O b4 10.e5 Bb7 11.Ncb5 axb5 12.Bxb5+ Nfd7 13.Qh3 1/2-1/2

[Event "zonal 1.2b"]
[Site "Zagreb CRO"]
[Date "1993.??.??"]
[Round "11"]
[White "Dizdarevic, Emir"]
[Black "Gofshtein, Leonid"]
[Result "1-0"]
[WhiteElo "2540"]
[BlackElo "2560"]
[EventDate "1993.03.??"]
[PlyCount "73"]

1.Nf3 d6 2.d4 Nf6 3.g3 g6 4.Bg2 Bg7 5.O-O O-O 6.c4 Nc6 7.Nc3 a6 8.d5 Na5 
9.Nd2 c5 10.Rb1 e6 11.dxe6 Bxe6 12.b3 Bf5 13.e4 Bg4 14.f3 Bd7 15.Bb2 b5 
16.f4 Rb8 17.Nd5 bxc4 18.Bxf6 Bxf6 19.Nxf6+ Qxf6 20.e5 Qd8 21.Nxc4 Nxc4 
22.bxc4 Rxb1 23.Qxb1 dxe5 24.Rd1 Bf5 25.Qa1 Qa5 26.Qxe5 Qxa2 27.Bd5 Qb3 
28.Rd2 Qb1+ 29.Kg2 Bd3 30.Kh3 Qf1+ 31.Bg2 Qb1 32.Qxc5 Bf5+ 33.Kh4 Qe1 34.
Qd6 g5+ 35.Kxg5 Kg7 36.Qf6+ Kg8 37.Kh6 1-0

[Event "zonal 1.2b"]
[Site "Zagreb CRO"]
[Date "1993.??.??"]
[Round "11"]
[White "Kozul, Zdenko"]
[Black "Cvitan, Ognjen"]
[Result "1/2-1/2"]
[WhiteElo "2550"]
[BlackElo "2575"]
[EventDate "1993.03.??"]
[PlyCount "99"]

1.d4 Nf6 2.Nf3 g6 3.c4 Bg7 4.Nc3 O-O 5.e4 d6 6.Be2 e5 7.O-O Nc6 8.d5 Ne7 
9.Ne1 Ne8 10.Be3 f5 11.f3 f4 12.Bf2 h5 13.c5 g5 14.a4 Ng6 15.a5 Bh6 16.Kh1
Kh7 17.cxd6 cxd6 18.Nb5 a6 19.Nc3 Nf6 20.Na4 g4 21.Nb6 Rb8 22.Nxc8 Qxc8 
23.Bb6 Qd7 24.Rc1 Rfc8 25.Rxc8 Rxc8 26.Nd3 Nh4 27.Qe1 Bg5 28.Qb1 Kh6 29.
Nf2 Ng6 30.Rc1 Bh4 31.Nd3 Ne7 32.Rxc8 Nxc8 33.Bg1 Qc7 34.b4 Qc3 35.Qc1 
Qxc1 36.Nxc1 Be1 37.Nd3 Bd2 38.Bf2 Kg5 39.g3 fxg3 40.hxg3 gxf3 41.Bxf3 Ng4
42.Be1 Bxe1 43.Nxe1 Na7 44.Kg2 Nb5 45.Bxg4 hxg4 46.Kf2 Nc3 47.Ke3 Nd1+ 48.
Ke2 Nc3+ 49.Kd3 Nd1 50.Ke2 1/2-1/2

[Event "zonal 1.2b"]
[Site "Zagreb CRO"]
[Date "1993.??.??"]
[Round "11"]
[White "Kurajica, Bojan"]
[Black "Kovacevic, Vladimir"]
[Result "1/2-1/2"]
[WhiteElo "2535"]
[BlackElo "2485"]
[EventDate "1993.03.??"]
[PlyCount "150"]

1.d4 d5 2.c4 e6 3.Nf3 Nf6 4.e3 Bd6 5.Nc3 O-O 6.Qc2 Nc6 7.c5 Be7 8.Bb5 a5 
9.a3 Bd7 10.Rb1 b6 11.b4 axb4 12.axb4 bxc5 13.bxc5 Rb8 14.O-O Ng4 15.h3 
Nh6 16.e4 dxe4 17.Qxe4 f5 18.Qe2 Nf7 19.Bxc6 Bxc6 20.Rxb8 Qxb8 21.d5 Qb4 
22.Bd2 Ba8 23.c6 Bf6 24.dxe6 Nd6 25.e7 Re8 26.Qe6+ Kh8 27.Nd5 Qb3 28.Nxc7 
Qxe6 29.Nxe6 Bxc6 30.Bb4 Bxf3 31.Bxd6 Bxe7 32.Bxe7 Rxe7 33.Nd4 Be4 34.f3 
Bd5 35.Nxf5 Rf7 36.Ne3 Bb7 37.Rd1 h6 38.h4 Kh7 39.Rd6 Rf4 40.h5 Rf7 41.Kf2
Rc7 42.Rd8 Bc6 43.f4 Rd7 44.Rc8 Rd2+ 45.Ke1 Rd3 46.Ke2 Rd6 47.f5 Bd7 48.
Rb8 Ba4 49.g4 Bc6 50.Rc8 Bb5+ 51.Kf2 Ba6 52.Ra8 Rd2+ 53.Kg3 Rd3 54.Re8 Bb5
55.Re7 Kg8 56.Kf4 Bc6 57.Re6 Bb7 58.Re8+ Kf7 59.Rb8 Rd4+ 60.Kg3 Rb4 61.Nc2
Rb1 62.Rd8 Ke7 63.Rd4 Rb3+ 64.Kf4 Rf3+ 65.Ke5 Rc3 66.Rb4 Rc5+ 67.Kd4 Rxc2 
68.Rxb7+ Kf6 69.Rb6+ Kf7 70.Ke5 Rc5+ 71.Kf4 Rc4+ 72.Kg3 Rc3+ 73.Kh4 Ra3 
74.Rg6 Rf3 75.Re6 Ra3 1/2-1/2

[Event "zonal 1.2b"]
[Site "Zagreb CRO"]
[Date "1993.??.??"]
[Round "12"]
[White "Alterman, Boris"]
[Black "Kurajica, Bojan"]
[Result "1-0"]
[WhiteElo "2600"]
[BlackElo "2535"]
[EventDate "1993.03.??"]
[PlyCount "63"]

1.d4 Nf6 2.c4 e6 3.Nf3 b6 4.g3 Ba6 5.b3 Bb7 6.Bg2 Bb4+ 7.Bd2 Be7 8.O-O O-O
9.Nc3 d5 10.cxd5 exd5 11.Qc2 h6 12.Rfd1 Na6 13.a3 c5 14.Bf4 Qc8 15.Qb2 Qe6
16.Rac1 g5 17.Be3 Ng4 18.Bd2 Rfd8 19.Be1 f5 20.dxc5 bxc5 21.Nb5 Qb6 22.a4 
Qf6 23.Qb1 Rd7 24.e3 d4 25.h3 Ne5 26.Nxe5 Qxe5 27.exd4 cxd4 28.Bxb7 Rxb7 
29.Qd3 Bc5 30.b4 Bb6 31.Rc6 Kg7 32.Nd6 1-0

[Event "zonal 1.2b"]
[Site "Zagreb CRO"]
[Date "1993.??.??"]
[Round "12"]
[White "Dizdar, Goran"]
[Black "Har-Zvi, Ronen"]
[Result "1/2-1/2"]
[WhiteElo "2490"]
[BlackElo "2485"]
[EventDate "1993.03.??"]
[PlyCount "101"]

1.Nf3 Nf6 2.g3 g6 3.b3 Bg7 4.Bb2 c5 5.Bg2 Nc6 6.c4 d6 7.d4 Ne4 8.O-O Bg4 
9.h3 Bxf3 10.Bxf3 f5 11.e3 Ng5 12.Bg2 O-O 13.h4 Ne4 14.Bxe4 fxe4 15.Nc3 
cxd4 16.Nxe4 d5 17.Ng5 Qd7 18.cxd5 Qxd5 19.Qg4 dxe3 20.Bxg7 exf2+ 21.Kh2 
Kxg7 22.Rad1 Ne5 23.Qe6 Nf3+ 24.Kh1 Qe5 25.Rxf2 Rf6 26.Qxe5 Nxe5 27.Re2 
Nc6 28.Rd7 h6 29.Ne6+ Kf7 30.Nd4 Rd8 31.Rexe7+ Nxe7 32.Rxd8 Rf2 33.a4 Rd2 
34.Nc6 Rb2 35.Nxa7 Rxb3 36.Kg2 Nf5 37.Nb5 Nxg3 38.Rd7+ Kf6 39.Rxb7 Nf5 40.
Rb6+ Kg7 41.Rb7+ Kf8 42.Rb8+ Ke7 43.Rb7+ Kd8 44.a5 Rb2+ 45.Kg1 Ra2 46.Na7 
Nd4 47.Rb6 Nf3+ 48.Kf1 Rxa5 49.Rxg6 Rxa7 50.Rxh6 Ra2 51.Re6 1/2-1/2

[Event "zonal 1.2b"]
[Site "Zagreb CRO"]
[Date "1993.??.??"]
[Round "12"]
[White "Gofshtein, Leonid"]
[Black "Hulak, Krunoslav"]
[Result "1/2-1/2"]
[WhiteElo "2560"]
[BlackElo "2540"]
[EventDate "1993.03.??"]
[PlyCount "85"]

1.e4 c5 2.Nf3 e6 3.d4 cxd4 4.Nxd4 Nf6 5.Nc3 d6 6.g4 h6 7.g5 hxg5 8.Bxg5 
Nc6 9.Bg2 Bd7 10.h4 a6 11.Qd2 Be7 12.O-O-O Qc7 13.f4 Nxd4 14.Qxd4 Bc6 15.
Bf3 O-O-O 16.h5 Kb8 17.Kb1 Rh7 18.Rh3 Ne8 19.Rg3 Rc8 20.Qd2 Rd8 21.a3 Nf6 
22.Qe2 Rdh8 23.Qd2 Rd8 24.Qe3 Nxh5 25.Bxh5 Rxh5 26.Bxe7 Qxe7 27.Rxg7 Qf6 
28.Qg3 Rhh8 29.Qg5 Qxg5 30.fxg5 Be8 31.e5 Kc7 32.g6 Rf8 33.exd6+ Kc6 34.
Ne4 fxg6 35.Rd3 Rd7 36.Re7 b6 37.Rc3+ Kd5 38.Rxe8 Rf1+ 39.Ka2 Kxe4 40.
Rxe6+ Kf5 41.Rce3 Rd1 42.R3e5+ Kf4 43.Re4+ 1/2-1/2

[Event "zonal 1.2b"]
[Site "Zagreb CRO"]
[Date "1993.??.??"]
[Round "12"]
[White "Rogic, Davor"]
[Black "Nikolic, Nebojsa"]
[Result "1/2-1/2"]
[WhiteElo "2280"]
[BlackElo "2340"]
[EventDate "1993.03.??"]
[PlyCount "77"]

1.e4 e5 2.Nf3 Nc6 3.Bb5 Nd4 4.Nxd4 exd4 5.O-O Bc5 6.Bc4 d6 7.b4 Bb6 8.Bb2 
Nf6 9.Qf3 O-O 10.c3 Qe7 11.d3 Qe5 12.Qg3 Rd8 13.Kh1 Qxg3 14.fxg3 dxc3 15.
Nxc3 Bd4 16.Rab1 c6 17.Bb3 Be6 18.Ne2 Bxb2 19.Rxb2 Bxb3 20.Rxb3 Re8 21.b5 
d5 22.bxc6 bxc6 23.Nd4 dxe4 24.Nxc6 e3 25.Re1 h6 26.d4 Nd5 27.Rb5 Nb6 28.
Rb3 Re6 29.Ne5 f6 30.Nd3 Rae8 31.Kg1 Nd5 32.Nf4 Nxf4 33.gxf4 Re4 34.g3 
Rxd4 35.Rbxe3 Rc8 36.Re8+ Rxe8 37.Rxe8+ Kf7 38.Re2 Ra4 39.Kg2 1/2-1/2

[Event "zonal 1.2b"]
[Site "Zagreb CRO"]
[Date "1993.??.??"]
[Round "13"]
[White "Dizdarevic, Emir"]
[Black "Rogic, Davor"]
[Result "1/2-1/2"]
[WhiteElo "2540"]
[BlackElo "2280"]
[EventDate "1993.03.??"]
[PlyCount "51"]

1.c4 Nf6 2.Nf3 c6 3.b3 d5 4.Bb2 Bg4 5.e3 e6 6.h3 Bh5 7.Be2 Nbd7 8.d3 Bb4+ 
9.Nbd2 Bxf3 10.gxf3 dxc4 11.bxc4 Nc5 12.d4 Qa5 13.Qc2 O-O-O 14.Bc1 e5 15.
dxc5 Rd7 16.a3 Bc3 17.Ra2 Rhd8 18.Qf5 e4 19.O-O g6 20.Qg5 h6 21.Qh4 g5 22.
Qxh6 Qxc5 23.Nb1 Ng8 24.Qh5 Nf6 25.Qh6 Ng8 26.Qh5 1/2-1/2

[Event "zonal 1.2b"]
[Site "Zagreb CRO"]
[Date "1993.??.??"]
[Round "13"]
[White "Har-Zvi, Ronen"]
[Black "Cvitan, Ognjen"]
[Result "1/2-1/2"]
[WhiteElo "2485"]
[BlackElo "2575"]
[EventDate "1993.03.??"]
[PlyCount "24"]

1.e4 c5 2.Nf3 e6 3.d4 cxd4 4.Nxd4 Nf6 5.Nc3 d6 6.Be2 Be7 7.O-O O-O 8.f4 a6
9.a4 Nc6 10.Be3 Qc7 11.Kh1 Re8 12.Bd3 Nb4 1/2-1/2

[Event "zonal 1.2b"]
[Site "Zagreb CRO"]
[Date "1993.??.??"]
[Round "13"]
[White "Kurajica, Bojan"]
[Black "Gofshtein, Leonid"]
[Result "0-1"]
[WhiteElo "2535"]
[BlackElo "2560"]
[EventDate "1993.03.??"]
[PlyCount "96"]

1.d4 Nf6 2.Nf3 e6 3.g3 c5 4.Bg2 Nc6 5.O-O Qb6 6.e3 d5 7.b3 cxd4 8.exd4 Be7
9.Bb2 a5 10.a4 O-O 11.Nbd2 Nd7 12.Re1 Rd8 13.Rc1 Bf8 14.Qe2 g6 15.Nf1 Bg7 
16.Rcd1 Nf6 17.Ne3 Bd7 18.Ne5 Rac8 19.Qd2 Be8 20.N5g4 Nxg4 21.Nxg4 Nb4 22.
Rc1 Na2 23.Ra1 Qb4 24.Qg5 h5 25.Nf6+ Kh8 26.h4 Rxc2 27.Nxh5 f6 28.Nxf6 
Rxb2 29.Rxe6 Bf7 30.Nh5 Bxe6 31.Nf4 Rd7 32.Nxe6 Qd2 33.Nf4 Rf7 34.Rf1 Rxf4
35.gxf4 Nc3 36.Qxg6 Qxf4 37.Qh5+ Qh6 38.Qg4 Ne2+ 39.Kh1 Nf4 40.Bf3 Rxb3 
41.Re1 Nd3 42.Rf1 Rb4 43.Bxd5 Rxd4 44.Be4 Ne5 45.Qc8+ Bf8 46.Re1 Qf4 47.
Qxb7 Rd7 48.Qb3 Rg7 0-1

[Event "zonal 1.2b"]
[Site "Zagreb CRO"]
[Date "1993.??.??"]
[Round "13"]
[White "Nikolic, Nebojsa"]
[Black "Dizdar, Goran"]
[Result "1/2-1/2"]
[WhiteElo "2340"]
[BlackElo "2490"]
[EventDate "1993.03.??"]
[PlyCount "31"]

1.d4 Nf6 2.c4 e6 3.Nf3 d5 4.Nc3 Bb4 5.Bg5 Nbd7 6.cxd5 exd5 7.Rc1 O-O 8.Qb3
Bxc3+ 9.Qxc3 c6 10.e3 Ne4 11.Bxd8 Nxc3 12.Rxc3 Rxd8 13.Bd3 Nf6 14.O-O Ne8 
15.Nd2 Nd6 16.Nb3 1/2-1/2